| 000 | 00612nam a2200193Ia 4500 | ||
|---|---|---|---|
| 003 | GCL | ||
| 005 | 20240530103040.0 | ||
| 008 | 140319s9999 xx 000 0 ara d | ||
| 040 |
_aGCL / _cGCL |
||
| 082 | 0 | 4 |
_a810.9 _bح ف |
| 100 | 1 | _aحمادى صمود | |
| 245 | 1 | 0 |
_aفى نظرية الادب عند العرب / _cحمادى صمود |
| 260 |
_a[S.N] : _bالنادى الادبى الثقافى ، _c1990 |
||
| 300 | _a252 ص | ||
| 490 | 0 |
_aكتاب النادى الادبى الثقافى بجدة 64 _v0 |
|
| 650 | 0 | 4 | _aالادب العربى |
| 650 | 0 | 4 | _aتاريخ ونقد |
| 942 |
_2ddc _cBK |
||
| 999 |
_c36421 _d36421 |
||